00327nam a2200133Ia 4500008004100000041000800041082000800049100002100057245005000078250000800128260004100136300000800177365000800185231011s9999 xx 000 0 und d aeng a823 aGladwell Malcolm aBlink: The Power of thinking without thinking a1st bPenguin Books India Pvt Ltd -c2006 a277 b172